| 000 | 00404nam a22001337a 4500 | ||
|---|---|---|---|
| 020 | _a9781292159287 | ||
| 040 | _cNUST | ||
| 082 | _a620.0019 WAL | ||
| 100 |
_a Walesh, Stuart G. _998874 |
||
| 245 | _aIntroduction to Creativity and Innovation for Engineers | ||
| 260 |
_aHarlow: _bPearson, _c2017. |
||
| 650 |
_aCreativity and Innovation for Engineers-Introduction.NUSTTB2022 _9102779 |
||
| 942 |
_2ddc _cBK |
||
| 999 |
_c591396 _d591396 |
||